[Event "Ustron op-A"]
[Site "Ustron"]
[Date "2023.08.19"]
[Round "9"]
[White "Cieslak, Patryk"]
[Black "Milanovic, Danilo"]
[Result "0-1"]
[WhiteElo "2270"]
[BlackElo "2400"]
[PlyCount "256"]
[EventDate "2023.08.11"]
[EventType "swiss"]
[EventRounds "9"]
[EventCountry "POL"]
[SourceTitle "CBM 215 Extra"]
[Source "ChessBase"]
[SourceDate "2023.09.30"]
[SourceVersion "1"]
[SourceVersionDate "2023.09.30"]
[SourceQuality "1"]

1. e4 d5 2. exd5 Qxd5 3. Nc3 Qd6 4. d4 Nf6 5. Nf3 g6 6. Nb5 Qd8 7. c4 c6 8. Nc3 Bg7 9. h3 0-0 10. Be3 Qa5 11. a3 Ne4 12. b4 Nxc3 13. Qc2 Qa4 14. Qxc3 a5 15. Rc1 axb4 16. axb4 Qa2 17. Be2 Bf5 18. Qd2 Qxd2+ 19. Bxd2 Rd8 20. 0-0 Ra2 21. Rfe1 Bxd4 22. Nxd4 Rxd2 23. Nxf5 gxf5 24. Bf3 e6 25. b5 Rc8 26. Ra1 Nd7 27. bxc6 bxc6 28. Ra6 c5 29. Ra7 Nb6 30. Rc1 Rd4 31. Bh5 Nd7 32. f4 Rb8 33. Rc7 Rf8 34. Rd1 Nf6 35. Rxc5 Rxf4 36. Bf3 Re8 37. Rc7 e5 38. c5 Rc4 39. Be2 Rc3 40. c6 Re6 41. Bb5 e4 42. Ra7 Re5 43. c7 Rec5 44. Rd6 Rxb5 45. Rd8+ Kg7 46. c8Q Rxc8 47. Rxc8 Ng8 48. Re8 Nh6 49. Ra3 Rb6 50. Kf2 Rg6 51. Rb3 Re6 52. Rxe6 fxe6 53. Rb7+ Nf7 54. Ke3 Kf6 55. Ra7 h6 56. Ra8 h5 57. Rb8 h4 58. Ra8 Ne5 59. Ra6 Ng6 60. Rb6 Ne7 61. Rb8 Nd5+ 62. Kf2 Nf4 63. Rh8 Ke5 64. Ra8 Nd3+ 65. Ke3 Nf4 66. Kf2 Ng6 67. Ke3 f4+ 68. Ke2 Ne7 69. Rb8 Nf5 70. Rb5+ Kf6 71. Rb8 Nd4+ 72. Kf2 e3+ 73. Kf1 Ke5 74. Rh8 Ke4 75. Rd8 Kd3 76. Ke1 e5 77. Rd5 Ke4 78. Ra5 Nb3 79. Ra4+ Kd5 80. Ra3 Nc5 81. Ke2 e4 82. Ra8 Nb3 83. Rd8+ Kc4 84. Rc8+ Nc5 85. Re8 Kd5 86. Rd8+ Ke5 87. Ra8 Nb3 88. Re8+ Kf5 89. Rf8+ Kg5 90. Rg8+ Kf5 91. Rf8+ Ke5 92. Re8+ Kd5 93. Rd8+ Kc4 94. Rc8+ Nc5 95. Re8 Kd5 96. Rd8+ Kc6 97. Rc8+ Kd6 98. Rd8+ Ke7 99. Ra8 Kd7 100. Rb8 Na4 101. Rf8 Nc3+ 102. Ke1 Nd5 103. Ke2 Ke7 104. Rc8 Ke6 105. Rc4 Ke5 106. Rc8 Ne7 107. Re8 Ke6 108. Ra8 Nf5 109. Ra6+ Kd7 110. Ra7+ Kc6 111. Ra4 Kb5 112. Ra2 Nd4+ 113. Kf1 Kb4 114. Ra8 Kc3 115. Rd8 f3 116. gxf3 exf3 117. Re8 Kd3 118. Rd8 Ke4 119. Rc8 Nf5 120. Re8+ Kd5 121. Rd8+ Ke6 122. Re8+ Kf6 123. Rf8+ Kg6 124. Kg1 f2+ 125. Kg2 Ng3 126. Rf4 Kg5 127. Rg4+ Kf5 128. Kh2 e2 0-1

[Event "Ustron op-A"]
[Site "Ustron"]
[Date "2023.08.14"]
[Round "5"]
[White "Flak, Pawel"]
[Black "Milanovic, Danilo"]
[Result "0-1"]
[WhiteElo "2158"]
[BlackElo "2400"]
[PlyCount "114"]
[EventDate "2023.08.11"]
[EventType "swiss"]
[EventRounds "9"]
[EventCountry "POL"]
[SourceTitle "CBM 215 Extra"]
[Source "ChessBase"]
[SourceDate "2023.09.30"]
[SourceVersion "1"]
[SourceVersionDate "2023.09.30"]
[SourceQuality "1"]

1. d4 Nf6 2. c4 c5 3. d5 b5 4. cxb5 a6 5. bxa6 g6 6. Nc3 Bxa6 7. e4 Bxf1 8. Kxf1 d6 9. Nf3 Bg7 10. h3 0-0 11. Kg1 Na6 12. Kh2 Qb6 13. Qe2 Nc7 14. Nd2 Nd7 15. f4 Qa6 16. Re1 Rfb8 17. Nf3 Nb6 18. Kh1 Na4 19. Nxa4 Qxe2 20. Rxe2 Rxa4 21. e5 Bf8 22. f5 gxf5 23. exd6 exd6 24. g3 Nxd5 25. Nh4 f4 26. Nf5 fxg3 27. Rg2 f6 28. Rxg3+ Kf7 29. b3 Re4 30. Bh6 Ke6 31. Bxf8 Rxf8 32. Ng7+ Ke5 33. Rf1 f5 34. Rd3 Ne3 35. Rf3 f4 36. Nh5 Nd5 37. Ng3 Re1+ 38. Nf1 Rg8 39. Kh2 Re2+ 40. Kh1 Reg2 41. h4 Rxa2 42. Nd2 Ne3 43. Rf2 Ra1+ 44. Kh2 Ng4+ 45. Kg2 Nxf2+ 46. Kxf2 d5 47. Nf3+ Kd6 48. Ng5 Ra2+ 49. Kf3 h6 50. Ne4+ Ke5 51. Rxd5+ Kxd5 52. Nf6+ Ke5 53. Nxg8 Rb2 54. Nxh6 Rxb3+ 55. Kg4 Rg3+ 56. Kh5 f3 57. Nf7+ Kf4 0-1

[Event "Ustron op-A"]
[Site "Ustron"]
[Date "2023.08.12"]
[Round "2"]
[White "Milanovic, Danilo"]
[Black "Ljepic, Andrej"]
[Result "0-1"]
[WhiteElo "2400"]
[BlackElo "2202"]
[PlyCount "68"]
[EventDate "2023.08.11"]
[EventType "swiss"]
[EventRounds "9"]
[EventCountry "POL"]
[SourceTitle "CBM 215 Extra"]
[Source "ChessBase"]
[SourceDate "2023.09.30"]
[SourceVersion "1"]
[SourceVersionDate "2023.09.30"]
[SourceQuality "1"]

1. c4 e6 2. Nc3 d5 3. d4 Bb4 4. a3 Bxc3+ 5. bxc3 Nf6 6. e3 0-0 7. Bd3 b6 8. cxd5 exd5 9. Ne2 Ba6 10. Bxa6 Nxa6 11. Qd3 Nb8 12. f3 Re8 13. 0-0 c5 14. Ng3 Nc6 15. Ra2 Qd7 16. Re2 Rad8 17. Rd1 h5 18. Bb2 Ne7 19. Nh1 Ng6 20. Nf2 Re6 21. Bc1 Qa4 22. Qd2 Rde8 23. Rde1 Qc4 24. e4 dxe4 25. fxe4 Nd5 26. Bb2 Ngf4 27. Re3 Nxe3 28. Qxe3 Ng6 29. Qg5 h4 30. h3 Qb3 31. Re2 cxd4 32. cxd4 Qg3 33. Bc1 Rc8 34. Re1 Rc2 0-1

[Event "AUT-chT2M 2223"]
[Site "Austria"]
[Date "2023.03.04"]
[Round "8.2"]
[White "Milanovic, Danilo"]
[Black "Gruskovnjak, Tomislav"]
[Result "1/2-1/2"]
[WhiteElo "2403"]
[BlackElo "2279"]
[PlyCount "100"]
[EventDate "2022.09.30"]
[EventType "team-tourn"]
[EventRounds "11"]
[EventCountry "AUT"]
[SourceTitle "CBM 213 Extra"]
[Source "ChessBase"]
[SourceDate "2023.05.31"]
[SourceVersion "1"]
[SourceVersionDate "2023.05.31"]
[SourceQuality "1"]
[WhiteTeam "Pinggau Friedberg"]
[BlackTeam "Gamlitz"]
[WhiteTeamCountry "AUT"]
[BlackTeamCountry "AUT"]

1. d4 Nf6 2. c4 e6 3. Nc3 d5 4. cxd5 Nxd5 5. e4 Nxc3 6. bxc3 c5 7. Rb1 Be7 8. Bb5+ Nd7 9. Nf3 0-0 10. 0-0 a6 11. Bd3 b5 12. Bf4 Bb7 13. a4 cxd4 14. cxd4 Nf6 15. axb5 axb5 16. d5 exd5 17. e5 Ne4 18. Nd4 b4 19. Nf5 Bc8 20. Nxe7+ Qxe7 21. Bxe4 dxe4 22. Qd4 Rd8 23. Qxb4 Qxb4 24. Rxb4 Bf5 25. h3 Rab8 26. Rxb8 Rxb8 27. e6 Re8 28. exf7+ Kxf7 29. Ra1 h6 30. Kh2 Re6 31. Ra7+ Re7 32. Ra5 Bc8 33. Kg3 Re6 34. Ra7+ Re7 35. Ra8 Bb7 36. Rb8 Bc6 37. Be3 Re8 38. Rb6 Re6 39. Kh4 Rg6 40. Kh5 Re6 41. Kh4 Rg6 42. Ra6 Kg8 43. g4 Re6 44. Bd4 Rd6 45. Be3 Re6 46. Kg3 Kf7 47. h4 Bb5 48. Ra7+ Re7 49. Ra5 Be2 50. Ra2 Bf3 1/2-1/2

[Event "Belgrade Gligoric 100 Ann op"]
[Site "Belgrade"]
[Date "2023.02.05"]
[Round "2"]
[White "Milanovic, Danilo"]
[Black "Tadic, Ana"]
[Result "1-0"]
[WhiteElo "2396"]
[BlackElo "1801"]
[PlyCount "111"]
[EventDate "2023.02.05"]
[EventType "swiss (blitz)"]
[EventRounds "11"]
[EventCountry "SRB"]
[SourceTitle "EXT 2024"]
[Source "ChessBase"]
[SourceDate "2023.10.10"]
[SourceVersion "1"]
[SourceVersionDate "2023.10.10"]
[SourceQuality "1"]

1. d4 d5 2. Nf3 c5 3. c3 Nc6 4. Bf4 Nf6 5. e3 Qb6 6. Qb3 c4 7. Qc2 Bf5 8. Qc1 Nh5 9. Bg3 Nxg3 10. hxg3 h6 11. Nbd2 e6 12. Be2 Bd6 13. 0-0 0-0 14. a4 a5 15. b3 cxb3 16. Qb2 Rfe8 17. Bb5 Re7 18. c4 Bb4 19. cxd5 exd5 20. Qxb3 Rd8 21. Rfc1 Na7 22. Bf1 Rc7 23. Ne5 Qd6 24. Ndf3 Rdc8 25. Qd1 Nc6 26. Bd3 Bxd3 27. Nxd3 Ba3 28. Rcb1 Bb4 29. Nf4 Ne7 30. Ne5 f6 31. Ned3 Bc3 32. Ra2 Bb4 33. Nxb4 axb4 34. Rab2 Rc4 35. Qh5 Qd7 36. Rxb4 Rc1+ 37. Kh2 Rxb1 38. Rxb1 Rc4 39. a5 Ra4 40. Qe2 Rxa5 41. Qc2 Nc6 42. Qb3 Ra7 43. Nxd5 Na5 44. Qb5 Qxb5 45. Rxb5 Nc4 46. g4 Ra2 47. Kg3 Nd2 48. f3 Ra7 49. e4 Ra3 50. Kf4 Ra7 51. Rc5 Nb3 52. Rc4 b5 53. Rb4 Nd2 54. Rxb5 Ra4 55. Kf5 Rxd4 56. Kg6 1-0

[Event "Belgrade Gligoric 100 Ann op"]
[Site "Belgrade"]
[Date "2023.02.05"]
[Round "9"]
[White "Sanal, Vahap"]
[Black "Milanovic, Danilo"]
[Result "1-0"]
[WhiteElo "2590"]
[BlackElo "2396"]
[PlyCount "69"]
[EventDate "2023.02.05"]
[EventType "swiss (blitz)"]
[EventRounds "11"]
[EventCountry "SRB"]
[SourceTitle "EXT 2024"]
[Source "ChessBase"]
[SourceDate "2023.10.10"]
[SourceVersion "1"]
[SourceVersionDate "2023.10.10"]
[SourceQuality "1"]

1. e4 d5 2. exd5 Qxd5 3. Nc3 Qd6 4. d4 Nf6 5. Nf3 c6 6. Bc4 Bg4 7. Be3 e6 8. h3 Bh5 9. g4 Bg6 10. Ne5 Nbd7 11. f4 Qb4 12. Bb3 Nxe5 13. dxe5 Rd8 14. Qe2 Nd5 15. Bxd5 cxd5 16. Qb5+ Rd7 17. 0-0-0 a6 18. Qxb4 Bxb4 19. Ne2 Be4 20. Rh2 h5 21. g5 h4 22. c3 Be7 23. Nd4 Rc7 24. Kd2 Kd7 25. Rg1 b5 26. a3 Rb7 27. Rf2 a5 28. f5 exf5 29. Nxf5 Bxf5 30. Rxf5 Ke6 31. Rgf1 Bd8 32. Bc5 g6 33. Rf6+ Bxf6 34. Rxf6+ Kxe5 35. Bd6+ 1-0

[Event "Belgrade Vucicevic Memorial"]
[Site "Belgrade"]
[Date "2022.11.11"]
[Round "4"]
[White "Arsovic, Goran"]
[Black "Milanovic, Danilo"]
[Result "0-1"]
[WhiteElo "2379"]
[BlackElo "2396"]
[PlyCount "118"]
[EventDate "2022.11.11"]
[EventType "swiss (blitz)"]
[EventRounds "13"]
[EventCountry "SRB"]
[SourceTitle "EXT 2024"]
[Source "ChessBase"]
[SourceDate "2023.10.10"]
[SourceVersion "1"]
[SourceVersionDate "2023.10.10"]
[SourceQuality "1"]

1. d4 Nf6 2. Nf3 c5 3. d5 g6 4. Nc3 Bg7 5. e4 d6 6. Bb5+ Bd7 7. a4 0-0 8. 0-0 Bxb5 9. axb5 Nbd7 10. Qe2 Nb6 11. Bf4 Ne8 12. Rfd1 Nc7 13. e5 Qd7 14. h3 Rfd8 15. Ra5 Qf5 16. Bg3 dxe5 17. Bxe5 Bxe5 18. Nxe5 Ncxd5 19. Nxd5 Nxd5 20. Ng4 Kg7 21. Ra4 h5 22. Nh2 Nf4 23. Qf3 Rxd1+ 24. Qxd1 Ne6 25. Nf3 Rd8 26. Qe2 Ra8 27. c3 b6 28. Qe5+ Qxe5 29. Nxe5 Nc7 30. c4 a6 31. bxa6 Rxa6 32. Rxa6 Nxa6 33. Nd7 f5 34. Kf1 Kf7 35. Nxb6 Ke6 36. Ke2 Ke5 37. Kd3 Nb4+ 38. Kc3 Na6 39. Kd3 g5 40. Nc8 Ke6 41. Nb6 Ke5 42. Nd5 e6 43. Nc3 Nb4+ 44. Ke3 f4+ 45. Kf3 Nc2 46. g4 Nd4+ 47. Kg2 hxg4 48. hxg4 Nb3 49. Kf3 Nd2+ 50. Ke2 Nxc4 51. Na4 Kd4 52. f3 e5 53. b3 Na5 54. Nb6 Nxb3 55. Nd7 c4 56. Nf6 Nc5 57. Nh7 Ne6 58. Kd2 c3+ 59. Kc2 Ke3 0-1

[Event "Belgrade Vucicevic Memorial"]
[Site "Belgrade"]
[Date "2022.11.11"]
[Round "6"]
[White "Milanovic, Danilo"]
[Black "Indjic, Aleksandar"]
[Result "0-1"]
[WhiteElo "2396"]
[BlackElo "2631"]
[PlyCount "92"]
[EventDate "2022.11.11"]
[EventType "swiss (blitz)"]
[EventRounds "13"]
[EventCountry "SRB"]
[SourceTitle "EXT 2024"]
[Source "ChessBase"]
[SourceDate "2023.10.10"]
[SourceVersion "1"]
[SourceVersionDate "2023.10.10"]
[SourceQuality "1"]

1. d4 Nf6 2. c4 c5 3. d5 e6 4. Nc3 exd5 5. cxd5 d6 6. e4 g6 7. f4 Bg7 8. Bb5+ Nfd7 9. a4 0-0 10. Nf3 Na6 11. 0-0 Nb4 12. Re1 a6 13. Bf1 Nf6 14. h3 Re8 15. Bd2 Rb8 16. Kh2 Bd7 17. Qb3 b5 18. axb5 Bxb5 19. Nxb5 axb5 20. Bxb4 cxb4 21. Qxb4 Qb6 22. Rad1 Nd7 23. Nd4 Nc5 24. Nc6 Ra8 25. Qxb5 Qxb5 26. Bxb5 Nxe4 27. Ne5 Reb8 28. Rxe4 Rxb5 29. Nc4 Rd8 30. Re2 h5 31. g3 Bf6 32. Kg2 Kg7 33. Rd3 Rc5 34. b3 Rb5 35. Kf3 Kf8 36. Ra2 Rdb8 37. Nxd6 Rxb3 38. Rad2 Be7 39. Ne4 f5 40. Nf2 Bd6 41. Rxb3 Rxb3+ 42. Rd3 Rb2 43. g4 Kf7 44. gxf5 gxf5 45. Rd4 Bc5 46. Rc4 Rxf2+ 0-1

[Event "AUT-chT2M 2223"]
[Site "Austria"]
[Date "2022.10.23"]
[Round "6.6"]
[White "Teuschler, Hugo"]
[Black "Milanovic, Danilo"]
[Result "0-1"]
[WhiteElo "1997"]
[BlackElo "2403"]
[PlyCount "64"]
[EventDate "2022.09.30"]
[EventType "team-tourn"]
[EventRounds "11"]
[EventCountry "AUT"]
[SourceTitle "EXT 2024"]
[Source "ChessBase"]
[SourceDate "2023.10.10"]
[SourceVersion "1"]
[SourceVersionDate "2023.10.10"]
[SourceQuality "1"]
[WhiteTeam "Frauental"]
[BlackTeam "Pinggau Friedberg"]
[WhiteTeamCountry "AUT"]
[BlackTeamCountry "AUT"]

1. e4 d5 2. exd5 Qxd5 3. Nc3 Qd6 4. d4 Nf6 5. Nf3 c6 6. Ne5 Be6 7. Bf4 Qd8 8. Qd2 g6 9. 0-0-0 Nbd7 10. Bc4 Bxc4 11. Nxc4 Bg7 12. h4 h5 13. Kb1 0-0 14. f3 c5 15. d5 Nb6 16. Ne3 Qc8 17. Rhe1 Rd8 18. Qe2 Rd7 19. Be5 Qd8 20. Bxf6 Bxf6 21. Ne4 Nxd5 22. Nxd5 Rxd5 23. c4 Rxd1+ 24. Rxd1 Qc7 25. Rd5 b6 26. g3 Kg7 27. Qd2 Bd4 28. Rxd4 cxd4 29. Qxd4+ Kg8 30. b3 Rd8 31. Qc3 Qd7 32. Qc2 Qd3 0-1

[Event "Belgrade-chT Quality"]
[Site "Belgrade"]
[Date "2022.10.04"]
[Round "4.1"]
[White "Mijatovic, Dusan"]
[Black "Milanovic, Danilo"]
[Result "1-0"]
[WhiteElo "2173"]
[BlackElo "2403"]
[PlyCount "81"]
[EventDate "2022.10.01"]
[EventType "team-tourn"]
[EventRounds "11"]
[EventCountry "SRB"]
[SourceTitle "CBM 210 Extra"]
[Source "ChessBase"]
[SourceDate "2022.11.30"]
[SourceVersion "1"]
[SourceVersionDate "2022.11.30"]
[SourceQuality "1"]
[WhiteTeam "Belgrade Mirijevo"]
[BlackTeam "Belgrade Mladenovac"]
[WhiteTeamCountry "SRB"]
[BlackTeamCountry "SRB"]

1. e4 d5 2. exd5 Qxd5 3. Nc3 Qd8 4. d4 Nf6 5. Nf3 c6 6. Bc4 b5 7. Bd3 Bg4 8. h3 Bh5 9. a4 b4 10. Ne4 Nbd7 11. Bf4 a5 12. Qe2 e6 13. Nd6+ Bxd6 14. Bxd6 Nb6 15. Qe5 Nc8 16. Bc5 Bg6 17. Bc4 Ne7 18. 0-0-0 0-0 19. Qd6 Re8 20. Qxd8 Raxd8 21. Ne5 Nfd5 22. Bxd5 cxd5 23. h4 Rc8 24. h5 Bf5 25. g4 f6 26. gxf5 fxe5 27. Bxe7 Rxe7 28. dxe5 Rf7 29. fxe6 Rxf2 30. Rd2 Rxd2 31. Kxd2 Rc6 32. Kd3 Rxe6 33. Kd4 Rh6 34. Kxd5 g5 35. e6 Kf8 36. Kd6 Ke8 37. c4 Rf6 38. c5 Rf2 39. Rd1 Rxb2 40. c6 Rc2 41. c7 1-0

[Event "CRO-chT1B 30th"]
[Site "Porec"]
[Date "2022.09.27"]
[Round "4.53"]
[White "Bukal, Vladimir Jr"]
[Black "Milanovic, Danilo"]
[Result "1/2-1/2"]
[WhiteElo "2411"]
[BlackElo "2403"]
[PlyCount "103"]
[EventDate "2022.09.24"]
[EventType "team-tourn"]
[EventRounds "9"]
[EventCountry "CRO"]
[SourceTitle "CBM 210 Extra"]
[Source "ChessBase"]
[SourceDate "2022.11.30"]
[SourceVersion "1"]
[SourceVersionDate "2022.11.30"]
[SourceQuality "1"]
[WhiteTeam "Zagreb Mladost"]
[BlackTeam "Vinkovci"]
[WhiteTeamCountry "CRO"]
[BlackTeamCountry "CRO"]

1. d4 c5 2. d5 Nf6 3. Nc3 g6 4. e4 d6 5. Nf3 Bg7 6. Be2 0-0 7. 0-0 Bg4 8. h3 Bxf3 9. Bxf3 Nbd7 10. Re1 Qa5 11. a4 a6 12. Ra2 Rac8 13. h4 Ne5 14. Be2 Qb4 15. Bf1 Nfg4 16. a5 c4 17. Bd2 Qc5 18. Qe2 f5 19. g3 fxe4 20. Nxe4 Qxd5 21. Bg2 Qd4 22. Bc3 Qa7 23. Rd1 Nh6 24. Ng5 Bf6 25. Bd4 Qb8 26. Bd5+ Kh8 27. f4 Nc6 28. Bb6 Nb4 29. Ra4 Nxd5 30. Rxd5 e5 31. Ne4 Be7 32. fxe5 dxe5 33. h5 Rc6 34. Rd7 Qe8 35. Rxb7 gxh5 36. Rxc4 Rg6 37. Rcc7 Nf5 38. Rxe7 Nxe7 39. Bc5 Rg7 40. Qxa6 Qc8 41. Qb5 Qh3 42. Bf2 Qf5 43. Rb8 Nc8 44. Qe2 h4 45. a6 hxg3 46. Nxg3 h5 47. a7 Nxa7 48. Rxf8+ Qxf8 49. Qxh5+ Kg8 50. Qxe5 Qf3 51. Qe6+ Kh7 52. Qh3+ 1/2-1/2

[Event "BL2-Nord 2122"]
[Site "Germany"]
[Date "2022.06.18"]
[Round "7.2"]
[White "Milanovic, Danilo"]
[Black "Malek, Daniel"]
[Result "0-1"]
[WhiteElo "2406"]
[BlackElo "2353"]
[PlyCount "122"]
[EventDate "2022.03.05"]
[EventType "team-tourn"]
[EventRounds "10"]
[EventCountry "GER"]
[SourceTitle "EXT 2023"]
[Source "ChessBase"]
[SourceDate "2022.10.05"]
[SourceVersion "1"]
[SourceVersionDate "2022.10.05"]
[SourceQuality "1"]
[WhiteTeam "Lingen"]
[BlackTeam "Magdeburg"]
[WhiteTeamCountry "GER"]
[BlackTeamCountry "GER"]

1. d4 Nf6 2. c4 e6 3. Nc3 Bb4 4. e3 0-0 5. Bd3 d5 6. cxd5 exd5 7. Nge2 Bd6 8. Qc2 c6 9. f3 c5 10. 0-0 Nc6 11. a3 cxd4 12. exd4 h6 13. Be3 Re8 14. Bf2 Be6 15. Na4 Rc8 16. Nc5 Nxd4 17. Bxd4 Bxc5 18. Bxc5 b6 19. b4 bxc5 20. bxc5 Nd7 21. Nd4 Nxc5 22. Bb5 Bd7 23. Bxd7 Qxd7 24. Qd2 Ne6 25. Rfd1 Red8 26. Qa5 Qc7 27. Qxc7 Rxc7 28. Rd3 Rc4 29. Rad1 g6 30. Kf2 Kg7 31. R1d2 Kf6 32. Ne2 d4 33. Rb3 Rd7 34. Rb4 Rxb4 35. axb4 Ke5 36. Nc1 Kd5 37. Nd3 Rc7 38. Ra2 Kc4 39. Ke2 Kb3 40. Rb2+ Kc3 41. Rb1 Re7 42. Rc1+ Kb3 43. Kd2 Rc7 44. Rb1+ Ka2 45. Rb2+ Ka3 46. Rb1 h5 47. h4 Ka4 48. g4 Rc3 49. b5 Rb3 50. Ra1+ Ra3 51. Nb2+ Kb3 52. Rxa3+ Kxa3 53. b6 axb6 54. Nc4+ Kb4 55. Nxb6 Kc5 56. Nd7+ Kd6 57. Nf6 Ke5 58. Nd7+ Kf4 59. gxh5 gxh5 60. Nf6 Kxf3 61. Kd3 Kg3 0-1

[Event "SRB-ch Blitz"]
[Site "Paracin"]
[Date "2022.06.05"]
[Round "2"]
[White "Milanovic, Danilo"]
[Black "Todorovic, Goran N"]
[Result "1-0"]
[WhiteElo "2409"]
[BlackElo "2305"]
[PlyCount "89"]
[EventDate "2022.06.05"]
[EventType "swiss (blitz)"]
[EventRounds "13"]
[EventCountry "SRB"]
[SourceTitle "CBM 208 Extra"]
[Source "ChessBase"]
[SourceDate "2022.07.31"]
[SourceVersion "1"]
[SourceVersionDate "2022.07.31"]
[SourceQuality "1"]

1. d4 Nf6 2. c4 e6 3. Nc3 Bb4 4. e3 b6 5. Bd3 Ba6 6. Nge2 0-0 7. a3 Bxc3+ 8. Nxc3 d5 9. b3 c5 10. dxc5 bxc5 11. 0-0 Nbd7 12. cxd5 Bxd3 13. Qxd3 Ne5 14. Qc2 exd5 15. Bb2 c4 16. Ne2 Re8 17. Rfd1 Nd3 18. Rxd3 cxd3 19. Qxd3 Rc8 20. Nf4 Qd6 21. h3 h6 22. Rd1 Rc6 23. Qf5 Qd7 24. Qd3 Rec8 25. b4 Qe7 26. Qb3 Qe4 27. Bxf6 Rxf6 28. Qxd5 Qe8 29. Qd4 Qa4 30. Rd3 Kh8 31. g3 a5 32. Nd5 Re6 33. Nb6 Rxb6 34. Qxb6 axb4 35. Qxb4 Qc2 36. Qd4 Qc1+ 37. Kg2 Qe1 38. Rd1 Qa5 39. a4 Qa8+ 40. Kg1 f6 41. h4 Qa5 42. Qd7 Rb8 43. Kg2 Rb4 44. Qd8+ Kh7 45. Qxa5 1-0

[Event "SRB-ch Rapid"]
[Site "Paracin"]
[Date "2022.06.04"]
[Round "2"]
[White "Adzic, Momcilo"]
[Black "Milanovic, Danilo"]
[Result "0-1"]
[WhiteElo "2203"]
[BlackElo "2406"]
[PlyCount "60"]
[EventDate "2022.06.04"]
[EventType "swiss (rapid)"]
[EventRounds "9"]
[EventCountry "SRB"]
[SourceTitle "CBM 208 Extra"]
[Source "ChessBase"]
[SourceDate "2022.07.31"]
[SourceVersion "1"]
[SourceVersionDate "2022.07.31"]
[SourceQuality "1"]

1. e4 d5 2. exd5 Qxd5 3. Nc3 Qd6 4. d4 Nf6 5. g3 c6 6. Bg2 Bf5 7. Nge2 e6 8. 0-0 Be7 9. Bf4 Qd8 10. Re1 0-0 11. a3 Nbd7 12. Nc1 Nb6 13. h3 Nfd5 14. Nxd5 cxd5 15. Nd3 Nc4 16. Rb1 Rc8 17. Re2 Qa5 18. g4 Bg6 19. Ne5 Nxe5 20. Bxe5 Rc6 21. Rc1 Qb5 22. c3 Bg5 23. Ra1 Bd3 24. Re1 Bc4 25. a4 Qxb2 26. Rb1 Qxc3 27. Rxb7 Bd2 28. Re2 Bxe2 29. Qxe2 Qc1+ 30. Kh2 Bf4+ 0-1

[Event "SRB-ch Rapid"]
[Site "Paracin"]
[Date "2022.06.04"]
[Round "4"]
[White "Cabarkapa, Novak"]
[Black "Milanovic, Danilo"]
[Result "1-0"]
[WhiteElo "2466"]
[BlackElo "2406"]
[PlyCount "201"]
[EventDate "2022.06.04"]
[EventType "swiss (rapid)"]
[EventRounds "9"]
[EventCountry "SRB"]
[SourceTitle "CBM 208 Extra"]
[Source "ChessBase"]
[SourceDate "2022.07.31"]
[SourceVersion "1"]
[SourceVersionDate "2022.07.31"]
[SourceQuality "1"]

1. e4 d5 2. exd5 Qxd5 3. Nf3 g6 4. Be2 Bg7 5. d4 Nh6 6. c4 Qd8 7. Nc3 0-0 8. d5 c6 9. h4 Ng4 10. h5 Qb6 11. 0-0 Nd7 12. hxg6 hxg6 13. Ne4 cxd5 14. cxd5 Ndf6 15. Nxf6+ Nxf6 16. b3 Rd8 17. Be3 Qd6 18. Rc1 Qxd5 19. Qe1 Qd6 20. Bc5 Qd7 21. Ne5 Qe8 22. Bc4 e6 23. Qe2 Bd7 24. Rfd1 Bc6 25. Rxd8 Qxd8 26. Nxf7 Qe8 27. Bxe6 Bd5 28. Ng5+ Bxe6 29. Nxe6 Rc8 30. Re1 Rc6 31. Qc4 Qf7 32. Nxg7 Qxc4 33. bxc4 Kxg7 34. Re7+ Kg8 35. Bd4 Nh5 36. Rxb7 Rxc4 37. Be3 a5 38. Kf1 Ra4 39. Rb2 Nf6 40. Ke2 Kf7 41. Kf3 Ng4 42. Bf4 Nf6 43. Rb7+ Ke6 44. Rb6+ Kf7 45. Rb2 Nd5 46. Bd2 Nf6 47. Ke2 Ne4 48. Be1 Ke6 49. f3 Nd6 50. Kd3 Kd5 51. Ke2 Ke6 52. Rc2 Kd5 53. Rd2+ Ke6 54. Bg3 Nf5 55. Bf2 Nd6 56. Bc5 Nc4 57. Rc2 Kd5 58. Bf8 Ne5 59. a3 Nc4 60. Rc3 Kd4 61. Rd3+ Ke5 62. g3 Nb6 63. Rb3 Nd5 64. Bg7+ Ke6 65. Kd3 Kd6 66. Bf8+ Ke6 67. Rb7 Kf6 68. Rd7 Ke6 69. Rb7 Kf6 70. f4 Kf5 71. Rb5 Ke6 72. Bc5 Nf6 73. Rb3 Nh5 74. Bf2 Nf6 75. Rb6+ Kf5 76. Rb5+ Ke6 77. Re5+ Kf7 78. Bc5 Nh5 79. Re3 Nf6 80. Kc2 Rc4+ 81. Rc3 Re4 82. Bb6 a4 83. Kd3 Re6 84. Rc7+ Ke8 85. Bd4 Nh5 86. Bf2 Rd6+ 87. Ke2 Re6+ 88. Kf3 Rd6 89. Ke4 Rd2 90. Ke3 Ra2 91. Rc3 Nf6 92. Kf3 Kf7 93. Rd3 Ke6 94. Bc5 Nd5 95. g4 Rc2 96. Bd4 Rc1 97. Rd2 Rf1+ 98. Bf2 Ra1 99. f5+ gxf5 100. gxf5+ Kd6 101. Ke4 1-0

[Event "SRB-ch Rapid"]
[Site "Paracin"]
[Date "2022.06.04"]
[Round "1"]
[White "Milanovic, Danilo"]
[Black "Rakulj, Stanislav"]
[Result "1-0"]
[WhiteElo "2406"]
[BlackElo "1919"]
[PlyCount "139"]
[EventDate "2022.06.04"]
[EventType "swiss (rapid)"]
[EventRounds "9"]
[EventCountry "SRB"]
[SourceTitle "CBM 208 Extra"]
[Source "ChessBase"]
[SourceDate "2022.07.31"]
[SourceVersion "1"]
[SourceVersionDate "2022.07.31"]
[SourceQuality "1"]

1. d4 e6 2. c4 Nf6 3. Nc3 d5 4. cxd5 exd5 5. Bg5 c6 6. e3 Bf5 7. Qf3 Bg6 8. Bxf6 Qxf6 9. Qxf6 gxf6 10. Kd2 Nd7 11. Bd3 Nb6 12. Nge2 Kd7 13. b3 Bd6 14. h4 Rhg8 15. Rag1 a5 16. a4 Bb4 17. h5 Bxd3 18. Kxd3 Nc8 19. Rh3 Nd6 20. Rf3 Ke7 21. Ng3 Rg5 22. Rf4 Bxc3 23. Kxc3 f5 24. Kd3 Rag8 25. Rh1 h6 26. Ke2 Ke6 27. Rfh4 Ne4 28. Nxe4 fxe4 29. g3 f5 30. Rb1 Ra8 31. Rhh1 Kd6 32. Kf1 b6 33. b4 axb4 34. Rxb4 Ra6 35. Kg2 c5 36. dxc5+ bxc5 37. Rb8 Rg7 38. Rh8 Ke5 39. Rc8 Kd6 40. Rb1 Rc7 41. Rh8 Ke5 42. Rbb8 Rcc6 43. Rbe8+ Re6 44. Rc8 Rac6 45. a5 c4 46. Rhe8 Ra6 47. Kf1 Rxe8 48. Rxe8+ Kd6 49. Rf8 Ke5 50. Re8+ Kf6 51. Rg8 Rxa5 52. Rg6+ Ke5 53. Rxh6 d4 54. exd4+ Kxd4 55. Rd6+ Kc3 56. h6 Ra7 57. Ke2 Kc2 58. Rf6 Rd7 59. Rxf5 c3 60. Rh5 Rh7 61. g4 Kc1 62. g5 c2 63. Ke3 Kb2 64. Rh1 Rd7 65. Ke2 Kc3 66. Rc1 Rh7 67. Ke3 Re7 68. g6 Kb2 69. Rxc2+ Kxc2 70. h7 1-0

[Event "Arandjelovac ASK-12 GM"]
[Site "Arandjelovac"]
[Date "2022.03.18"]
[Round "8"]
[White "Tyurin, Artem"]
[Black "Milanovic, Danilo"]
[Result "1/2-1/2"]
[WhiteElo "2145"]
[BlackElo "2406"]
[PlyCount "112"]
[EventDate "2022.03.14"]
[EventType "tourn"]
[EventRounds "11"]
[EventCountry "SRB"]
[EventCategory "5"]
[SourceTitle "CBM 207 Extra"]
[Source "ChessBase"]
[SourceDate "2022.05.31"]
[SourceVersion "1"]
[SourceVersionDate "2022.05.31"]
[SourceQuality "1"]

1. c4 c5 2. Nf3 Nf6 3. Nc3 b6 4. g3 Bb7 5. Bg2 g6 6. 0-0 Bg7 7. Re1 Ne4 8. Nd5 e6 9. Nf4 Nc6 10. d3 Nd6 11. e4 0-0 12. Rb1 Qc7 13. a3 a5 14. Bd2 a4 15. Bc3 Nd4 16. Nxd4 cxd4 17. Bb4 Rfe8 18. Rc1 Nc8 19. c5 b5 20. Ne2 Ne7 21. Bd2 Bc6 22. h4 Qb7 23. h5 f5 24. hxg6 hxg6 25. Nf4 e5 26. Nh3 Bf6 27. f4 Kg7 28. g4 Bh4 29. gxf5 Bxe1 30. Qxe1 Nxf5 31. exf5 Bxg2 32. Qg3 Ra6 33. Qxg2 Qxg2+ 34. Kxg2 e4 35. dxe4 Rxe4 36. f6+ Rxf6 37. Kf3 Re5 38. Nf2 Rh5 39. Ba5 Re6 40. Re1 Kf7 41. Ne4 Ke7 42. Bc7 Rh3+ 43. Kg4 Rh2 44. Be5 d3 45. Rd1 Rxe5 46. fxe5 Rxb2 47. Rxd3 Rb3 48. Rd6 Rxa3 49. Nf6 Rb3 50. Nd5+ Ke8 51. Nf6+ Ke7 52. Rxd7+ Ke6 53. Rd6+ Kxe5 54. Nd7+ Ke4 55. Nf6+ Ke5 56. Nd7+ Ke4 1/2-1/2